000 01019nam a22002297a 4500
001 75691
003 BD-RjUL
005 20211209082728.0
008 190520s2018 bg ||||| |||| 00| 0 ben d
020 _a9789843443588
035 _a(BD-RjUL)75910
040 _aBD-RjUL
_beng
_cBD-RjUL
041 _aeng
082 _223
_a954.9205
_bMUK 2018
245 _aমুক্তিযুদ্ধের ইতিহাস ও সাধারণ জ্ঞান বাংলাদেশ /
_cতথ্য সংগ্রহে ও সম্পাদনায় সুভাষ রঞ্জন দত্ত
260 _aনেত্রকোণা, বাংলাদেশ :
_bস্মৃতি একাত্তর সাহিত্য পরিষদ,
_c২০১৮
300 _a৫৪৩ পৃ. :
_bচিত্র ;
_c২২ সেমি.
650 _a
_9231784
651 _aBangladesh
_xHistory
_yRevolution, 1971
_9231785
700 _aদত্ত, সুভাষ রঞ্জন
_9231786
942 _2ddc
_cBK
999 _c75691
_d75691